00852nam a2200265 i 45000010005000000030009000050050017000140070003000310080041000340200018000750800027000930800019001201000027001392450094001662600054002603000038003144900018003525000026003705040032003966000037004286500025004657100056004908300018005468520022005646143ES-MaACL20231222182425.0t|890811s1988 sp fo |||| |dspa d a84-505-6824-2 a929 Arenal, Concepcion a362.11(46)"18"1 aRomero Maroto, Martin.13aEl hospital del siglo XIX en la obra de Concepción Arenal / c[Martín Romero Maroto]. aLa Coruña : bDiputación Provincial, c[1988] a154 p., [4] p. de fot. ; c22 cm.1 aPublicaciones aDatos tomados de cub. aBibliografía: p. 149-154.14aArenal, Concepción,d1820-1893 aHospitales-zEuropa.1 aLa Coruña (Provincia). bDiputación Provincial.0 aPublicaciones aES-MaACLjL-13316